[Event "Titled Tue 1st Jul Early"]
[Site "chess.com INT"]
[Date "2025.07.01"]
[Round "6"]
[White "Panda, Sambit"]
[Black "Smieszek, Wojciech"]
[Result "1-0"]
[WhiteTitle "IM"]
[BlackTitle "CM"]
[WhiteElo "2379"]
[BlackElo "2141"]
[WhiteFideId "25091794"]
[BlackFideId "1156047"]
[EventDate "2025.07.01"]

1. d4 Nf6 2. c4 c5 3. d5 e6 4. Nc3 exd5 5. cxd5 d6 6. Nf3 g6 7. h3 Bg7 8. Bf4
O-O 9. e3 a6 10. a4 Re8 11. Bd3 Nbd7 12. O-O Nh5 13. Bh2 Ne5 14. Nxe5 Bxe5 15.
Bxe5 Rxe5 16. Qd2 Bd7 17. g4 Ng7 18. f4 Re8 19. e4 Qh4 20. Qg2 h5 21. f5 hxg4
22. hxg4 gxf5 23. gxf5 f6 24. Ne2 Kf7 25. Qg6+ Kf8 26. Rf4 Qg5+ 27. Qxg5 fxg5
28. Rg4 c4 29. Bc2 Nxf5 30. Rf1 b5 31. Nd4 Kg7 32. Nxf5+ Bxf5 33. Rxg5+ Kh6 34.
Rfxf5 bxa4 35. e5 Rxe5 36. Rxe5 dxe5 37. Rxe5 c3 38. bxc3 a3 39. Re1 Rc8 40. d6
Rd8 41. Rd1 a2 42. Ra1 Rxd6 43. Rxa2 Kg5 44. Kf2 Kf4 45. Ke2 Rc6 46. Ra4+ Ke5
47. Kd2 Rd6+ 48. Bd3 Rc6 49. Rxa6 Rc5 50. Rb6 1-0

[Event "Titled Tue 1st Jul Early"]
[Site "chess.com INT"]
[Date "2025.07.01"]
[Round "6"]
[White "Auribault, Louis"]
[Black "De Lomas Busquets, Alba"]
[Result "1/2-1/2"]
[WhiteTitle "FM"]
[BlackTitle "WCM"]
[WhiteElo "2114"]
[BlackElo "1997"]
[WhiteFideId "45196591"]
[BlackFideId "24585289"]
[EventDate "2025.07.01"]

1. e4 c5 2. Nc3 Nc6 3. Bb5 Nd4 4. Nf3 a6 5. Bd3 Nc6 6. O-O g6 7. b3 Bg7 8. Bb2
Nf6 9. Re1 d6 10. Nd5 O-O 11. Bf1 Nxd5 12. Bxg7 Kxg7 13. exd5 Nb8 14. d4 b6 15.
dxc5 bxc5 16. Nd2 Nd7 17. a4 Nf6 18. Nc4 Bb7 19. Ne3 Rb8 20. g3 Qc7 21. Bg2 Rbc8
22. Nc4 Rfe8 23. Qd2 Qb8 24. Rad1 Rcd8 25. f4 Qa8 26. Qd3 e6 27. Nb6 Qa7 28. a5
exd5 29. Rxe8 Rxe8 30. Nxd5 Bxd5 31. Bxd5 Nxd5 32. Qxd5 c4+ 33. Qd4+ Qxd4+ 34.
Rxd4 cxb3 35. cxb3 Re6 36. Kf2 Kf6 37. Rb4 h6 38. Rb6 d5 39. Rxe6+ fxe6 40. Ke3
Ke7 41. Kd4 Kd6 42. b4 Kc6 43. g4 Kb5 44. h4 Kxb4 45. Ke5 Kc3 46. Kxe6 d4 47. f5
gxf5 48. gxf5 d3 49. f6 d2 50. f7 d1=Q 51. f8=Q Qe2+ 52. Kd7 Qb5+ 53. Ke6 Qxa5
54. Qf3+ Kc4 55. Qe4+ Kb5 56. Qd5+ Kb4 57. Qd2+ Kb5 58. Qd5+ Kb4 59. Qd2+ Kb5
60. Qd5+ 1/2-1/2

[Event "Titled Tue 1st Jul Early"]
[Site "chess.com INT"]
[Date "2025.07.01"]
[Round "6"]
[White "Galchenko, Matvey"]
[Black "Domin, Yan"]
[Result "1-0"]
[WhiteTitle "IM"]
[BlackTitle "FM"]
[WhiteElo "2435"]
[BlackElo "2222"]
[WhiteFideId "24175480"]
[BlackFideId "34169342"]
[EventDate "2025.07.01"]

1. f4 g6 2. Nf3 Bg7 3. g3 c5 4. d3 Nc6 5. Bg2 d6 6. O-O Rb8 7. a4 Nf6 8. e4 Bg4
9. h3 Bxf3 10. Qxf3 Nd7 11. Nc3 O-O 12. g4 Nd4 13. Qf2 a6 14. h4 b5 15. axb5
axb5 16. h5 b4 17. Nd1 e6 18. Ne3 Kh8 19. g5 gxh5 20. Nc4 f6 21. Qh4 fxg5 22.
Qxh5 gxf4 23. Bxf4 Nf6 24. Qd1 e5 25. Bg5 Qe8 26. c3 bxc3 27. bxc3 Nb5 28. Qd2
Qg6 29. Ra6 Nh5 30. Rxf8+ Rxf8 31. Rb6 h6 32. Be7 Re8 33. Bxd6 Nxd6 34. Rxd6 Qg3
35. Qe3 Qg4 36. Qf3 Qg5 37. Ne3 Rb8 38. Nf5 Nf4 39. Rd7 Bf8 40. Ne3 h5 41. Kh2
Rb2 42. Rf7 Kg8 43. Rf5 Qg6 44. Kg1 c4 45. d4 exd4 46. cxd4 Nxg2 47. Nxg2 Bg7
48. Rd5 c3 49. Rd8+ Kh7 50. Kh2 Qg5 51. Rd5 Qg6 52. Qxh5+ Kg8 53. Qxg6 1-0

[Event "Titled Tue 1st Jul Early"]
[Site "chess.com INT"]
[Date "2025.07.01"]
[Round "6"]
[White "Romany, Joy"]
[Black "Fedorov, Artem Alek"]
[Result "1/2-1/2"]
[WhiteTitle "WIM"]
[BlackTitle "CM"]
[WhiteElo "1960"]
[BlackElo "2157"]
[WhiteFideId "10656820"]
[BlackFideId "34418431"]
[EventDate "2025.07.01"]

1. d4 d5 2. c4 e6 3. Nf3 Nf6 4. g3 dxc4 5. Bg2 Bb4+ 6. Kf1 O-O 7. Nc3 c6 8. a4
a5 9. Bg5 h6 10. Bxf6 Qxf6 11. e3 Bxc3 12. bxc3 b5 13. Ke2 Bb7 14. Ne5 Qe7 15.
Rb1 Na6 16. Nxc6 Bxc6 17. Bxc6 b4 18. Bxa8 Rxa8 19. Qd2 Qd7 20. Ra1 Rd8 21. Rhc1
Nc5 22. cxb4 Nb3 23. Qc3 Nxc1+ 24. Rxc1 Qxa4 25. bxa5 Rc8 26. h4 Qb5 27. Rc2
Qh5+ 28. Kf1 Qf3 29. Qd2 Qh1+ 30. Ke2 Qe4 31. Rc3 Qd5 32. Qc2 Rc6 33. Qa4 Rc8
34. a6 e5 35. a7 exd4 36. exd4 Qxd4 37. a8=Q Rxa8 38. Qxa8+ Kh7 39. Qf3 f5 40.
Qe3 Qd5 41. Kf1 Qh1+ 42. Ke2 Qd5 43. Qf3 Qe5+ 44. Kf1 Qe6 45. Kg2 g6 46. Rxc4
Qxc4 47. Qb7+ Kg8 48. Qb8+ Kg7 49. Qb7+ Qf7 50. Qxf7+ Kxf7 51. Kf3 Kf6 52. Kf4
g5+ 53. hxg5+ hxg5+ 54. Kf3 Ke5 55. Ke3 Kd5 56. f4 g4 57. Kd3 Kc5 58. Kc3 Kd5
59. Kd3 Kc5 60. Kc3 Kd5 61. Kd3 1/2-1/2

[Event "Titled Tue 1st Jul Early"]
[Site "chess.com INT"]
[Date "2025.07.01"]
[Round "6"]
[White "Vetokhin, Savva"]
[Black "Kravtsiv, Martyn"]
[Result "1-0"]
[WhiteTitle "GM"]
[BlackTitle "GM"]
[WhiteElo "2569"]
[BlackElo "2598"]
[WhiteFideId "44144474"]
[BlackFideId "14113147"]
[EventDate "2025.07.01"]

1. d4 d5 2. c4 e6 3. Nc3 Nf6 4. cxd5 exd5 5. Bg5 Be7 6. e3 O-O 7. Bd3 h6 8. Bh4
Re8 9. Nf3 c6 10. Qc2 Nbd7 11. O-O Ne4 12. Bxe4 Bxh4 13. Bh7+ Kh8 14. Nxh4 Qxh4
15. Bd3 Nf6 16. Rae1 Bd7 17. f3 Rad8 18. Qf2 Qxf2+ 19. Kxf2 Re7 20. b4 b5 21. a4
a6 22. Ra1 Ne8 23. axb5 axb5 24. Ra7 Nd6 25. Rfa1 Kg8 26. Rc7 Rc8 27. Raa7 Rxc7
28. Rxc7 Kf8 29. e4 dxe4 30. fxe4 f6 31. d5 Be8 32. Rxe7 Kxe7 33. Ke3 Kd7 34.
Kd4 Kc7 35. e5 fxe5+ 36. Kxe5 Bf7 37. dxc6 Kxc6 38. Be4+ Nxe4 39. Kxe4 Bc4 40.
Ke5 Kd7 41. g3 Ke7 42. Nd5+ Kf7 43. Ne3 Be2 44. Nf5 Kg6 45. Nd4 Bd3 46. Ne6 Bc4
47. Nd4 Kg5 48. h3 h5 49. Nf3+ Kg6 50. h4 Be2 51. Nd4 Bc4 52. Ne6 Kh6 53. Nf4 g5
54. Nh3 gxh4 55. gxh4 Kg6 56. Nf4+ Kh6 57. Kf6 Bf1 58. Ne6 Bc4 59. Nd4 Bf1 60.
Nf5+ Kh7 61. Kg5 Be2 62. Ng3 Bd3 63. Nxh5 1-0

[Event "Titled Tue 1st Jul Early"]
[Site "chess.com INT"]
[Date "2025.07.01"]
[Round "6"]
[White "Jalving, August"]
[Black "Smirnov, Alexandr A."]
[Result "0-1"]
[WhiteTitle "FM"]
[BlackTitle "FM"]
[WhiteElo "2320"]
[BlackElo "2136"]
[WhiteFideId "1471759"]
[BlackFideId "24104396"]
[EventDate "2025.07.01"]

1. e4 d5 2. exd5 Qxd5 3. Nf3 Nf6 4. Nc3 Qd6 5. d4 a6 6. h3 Nc6 7. Be2 b5 8. a3
Bb7 9. O-O e6 10. Be3 Be7 11. Ng5 h6 12. Nge4 Qd7 13. Nxf6+ gxf6 14. Bf3 f5 15.
d5 Ne5 16. dxe6 Qxd1 17. exf7+ Kxf7 18. Bxd1 Rhg8 19. Bh5+ Kf6 20. f3 Rad8 21.
Rad1 Rxd1 22. Nxd1 Bd6 23. Kh1 Nc4 24. Bd4+ Kg5 25. Bf7 Rf8 26. Bxc4 bxc4 27.
Ne3 a5 28. Nxc4 Ba6 29. b3 a4 30. Rd1 Bxc4 31. bxc4 Re8 32. c5 Bg3 33. c6 Re2
34. c3 Ra2 35. Be3+ Kf6 36. Bc5 Rc2 37. Bb4 Ke6 38. Kg1 h5 39. Kf1 Rf2+ 40. Kg1
Rc2 41. Kf1 h4 42. Rd7 Rf2+ 43. Ke1 Rxg2+ 44. Kd1 Ra2 45. Re7+ Kd5 46. Rf7 Kxc6
47. Rxf5 Rh2 48. f4 Rxh3 49. Rf8 Rh2 50. f5 Rf2 51. f6 h3 52. Rh8 h2 53. Rh6 Kb5
54. Bc5 Kxc5 0-1

[Event "Titled Tue 1st Jul Early"]
[Site "chess.com INT"]
[Date "2025.07.01"]
[Round "6"]
[White "Shukhman, Anna"]
[Black "Chylewski, Patryk"]
[Result "0-1"]
[WhiteTitle "WGM"]
[BlackTitle "IM"]
[WhiteElo "2416"]
[BlackElo "2319"]
[WhiteFideId "54180058"]
[BlackFideId "1186191"]
[EventDate "2025.07.01"]

1. e4 c5 2. Nf3 Nc6 3. Nc3 g6 4. Bb5 Bg7 5. d3 d6 6. e5 dxe5 7. O-O Bd7 8. Re1
Nf6 9. Bxc6 Bxc6 10. Nxe5 Rc8 11. Bg5 O-O 12. Qd2 Re8 13. Bh6 Bh8 14. Re2 Nd5
15. Nxc6 Rxc6 16. Ne4 e5 17. Rae1 b6 18. Bg5 f6 19. Bh4 Qc7 20. Bg3 Qf7 21. Nc3
Nxc3 22. Qxc3 Qxa2 23. f4 Qd5 24. fxe5 fxe5 25. Bxe5 Bxe5 26. Rxe5 Rxe5 27. Qxe5
Qxe5 28. Rxe5 Kf7 29. Kf2 Re6 30. Rg5 Kf6 31. Rg4 Re5 32. d4 cxd4 33. Rxd4 Re6
34. Rd7 Re7 35. Rxe7 Kxe7 36. Ke3 Kd6 37. Kd4 a5 38. g3 Kc6 39. Ke5 b5 40. c3
Kc5 41. Kf6 b4 42. cxb4+ Kxb4 43. Kg7 Kb3 44. Kxh7 Kxb2 45. Kxg6 a4 46. h4 a3
47. h5 a2 48. h6 a1=Q 49. h7 Kc2 50. g4 Kd3 51. g5 Ke4 52. Kf7 Qh8 53. g6 Kf5
54. g7 Qxh7 55. Kf8 Kf6 56. g8=N+ Ke6 0-1

[Event "Titled Tue 1st Jul Early"]
[Site "chess.com INT"]
[Date "2025.07.01"]
[Round "6"]
[White "Khoo-Thwe, Louis"]
[Black "Negrean, Andrei"]
[Result "0-1"]
[WhiteTitle "CM"]
[BlackTitle "FM"]
[WhiteElo "2232"]
[BlackElo "2352"]
[WhiteFideId "1538756"]
[BlackFideId "1291513"]
[EventDate "2025.07.01"]

1. e4 c5 2. Nf3 a6 3. Nc3 b5 4. d4 cxd4 5. Nxd4 Bb7 6. Bd3 Nc6 7. Nxc6 Bxc6 8.
O-O e6 9. Be3 Nf6 10. e5 Nd5 11. Nxd5 Bxd5 12. c3 d6 13. exd6 Bxd6 14. Qg4 Qc7
15. f4 f5 16. Qe2 O-O 17. g3 Bb7 18. Bd4 Qc6 19. Qxe6+ Kh8 20. Be4 Qxe4 21. Qxe4
Bxe4 22. Rfe1 Rfd8 23. Rad1 Kg8 24. Rd2 Bc5 25. Red1 Bxd4+ 26. Rxd4 Rxd4 27.
Rxd4 Rc8 28. Kf2 h6 29. Ke3 Rc6 30. Rd8+ Kh7 31. Kd4 b4 32. cxb4 Rc2 33. Rd6
Rxb2 34. Rxa6 Rxb4+ 35. Ke5 Rb2 36. h4 Rg2 37. Ra3 Kg6 38. Ke6 Kh5 39. Ke7 Kg4
40. Kf8 Rxg3 41. Ra7 Kxf4 42. a4 g5 43. h5 Kg4 44. Kg7 Kxh5 45. Ra6 Kg4 46. Kxh6
Rh3+ 47. Kg7 f4 48. a5 f3 49. Rf6 Rh7+ 50. Kg8 Ra7 51. a6 Bd3 52. Kh8 f2 53.
Rxf2 Rxa6 54. Kg7 Kg3 55. Rd2 Be4 56. Rd4 Bf3 57. Rb4 g4 58. Rd4 Kh3 59. Kh8 g3
60. Rf4 Ra3 61. Rf6 g2 62. Rh6+ Kg3 63. Rg6+ Bg4 64. Rg5 g1=Q 65. Rg7 Qd4 66.
Kh7 Qxg7+ 67. Kxg7 Ra6 68. Kf7 Kf4 0-1

[Event "Titled Tue 1st Jul Early"]
[Site "chess.com INT"]
[Date "2025.07.01"]
[Round "6"]
[White "Aarav Sinha"]
[Black "Martin Fuentes, Alberto"]
[Result "0-1"]
[WhiteTitle "FM"]
[BlackTitle "FM"]
[WhiteElo "2224"]
[BlackElo "2376"]
[WhiteFideId "25674064"]
[BlackFideId "2292289"]
[EventDate "2025.07.01"]

1. d4 Nf6 2. Bf4 c5 3. d5 b5 4. a4 b4 5. c4 bxc3 6. Nxc3 Ba6 7. e4 Bxf1 8. Kxf1
d6 9. Nf3 g6 10. Qd2 Bg7 11. Bh6 O-O 12. Bxg7 Kxg7 13. h4 h5 14. g3 Nbd7 15. Kg2
Qb6 16. a5 Qb7 17. Rhe1 Rab8 18. Ra2 Ng4 19. Qc2 Qb3 20. Qxb3 Rxb3 21. Nd2 Rb4
22. f4 Rfb8 23. b3 Rd4 24. Re2 Rd3 25. Nd1 Kf8 26. Nb2 Rc3 27. Nbc4 Ke8 28. Re1
Kd8 29. Raa1 Kc7 30. Rec1 Rxc1 31. Rxc1 f5 32. exf5 gxf5 33. Re1 Kd8 34. Ne3
Nxe3+ 35. Rxe3 Nf6 36. Rd3 Kd7 37. Nc4 Rg8 38. Ne3 Rb8 39. Nxf5 Rb5 40. Ng7 Rxa5
41. g4 Ra2+ 42. Kg3 Ne4+ 43. Kf3 Nf2 44. gxh5 Nxd3 45. h6 Ne1+ 46. Kg4 Rg2+ 47.
Kh5 Nd3 48. Ne6 Rg8 49. h7 Rh8 50. Kh6 Nb4 51. Kg7 Rxh7+ 52. Kxh7 Nxd5 53. f5 a5
54. Kg6 Nf6 55. h5 Kc6 56. h6 d5 0-1

[Event "Titled Tue 1st Jul Early"]
[Site "chess.com INT"]
[Date "2025.07.01"]
[Round "6"]
[White "Gazineu Neto, Rubens"]
[Black "Foldes, Marton Gabor"]
[Result "0-1"]
[BlackTitle "FM"]
[WhiteElo "1960"]
[BlackElo "2295"]
[WhiteFideId "2174685"]
[BlackFideId "794708"]
[EventDate "2025.07.01"]

1. e4 Nf6 2. e5 Nd5 3. c4 Nb6 4. d4 d6 5. exd6 cxd6 6. Be3 g6 7. Nc3 Bg7 8. Bd3
O-O 9. Nge2 Nc6 10. O-O d5 11. c5 Nc4 12. Bxc4 dxc4 13. a3 Bf5 14. d5 Ne5 15.
Bd4 Nd3 16. Bxg7 Kxg7 17. Qd2 Qc7 18. Ng3 Bd7 19. b4 a5 20. Nce4 axb4 21. axb4
Rxa1 22. Rxa1 Qe5 23. Qc3 Qxc3 24. Nxc3 Nxb4 25. Rb1 Nd3 26. Rxb7 Nxc5 27. Rc7
Rc8 28. Rxc8 Bxc8 29. Nf1 Kf6 30. Ne3 Ba6 31. f4 g5 32. g3 gxf4 33. gxf4 Nd3 34.
Ne4+ Kg7 35. f5 c3 36. Nxc3 Kf6 37. d6 exd6 38. Ne4+ Ke5 39. Ng5 Kf4 40. Nxf7
Kxe3 41. Nxd6 Nf4 42. f6 Kd4 43. f7 Ng6 44. Ne8 Ke5 45. h4 Bc4 46. h5 Nf8 47.
Ng7 Bxf7 48. h6 Kf4 49. Kh2 Kg5 50. Kg3 Bg6 51. Ne6+ Nxe6 0-1

[Event "Titled Tue 1st Jul Early"]
[Site "chess.com INT"]
[Date "2025.07.01"]
[Round "6"]
[White "Ilkhomi, Jaloliddin"]
[Black "Shogdzhiev, Roman"]
[Result "0-1"]
[WhiteTitle "FM"]
[BlackTitle "FM"]
[WhiteElo "2315"]
[BlackElo "2411"]
[WhiteFideId "14700948"]
[BlackFideId "55653537"]
[EventDate "2025.07.01"]

1. d4 Nf6 2. Nf3 d5 3. Bf4 Bf5 4. e3 e6 5. Bd3 Bg6 6. Nbd2 Bd6 7. Ne5 Bxd3 8.
cxd3 O-O 9. O-O Nbd7 10. Bg3 Qe7 11. f4 c5 12. Bh4 cxd4 13. exd4 Qe8 14. g4 Bc7
15. g5 Nxe5 16. fxe5 Nd7 17. Qg4 Bb6 18. Kh1 Rc8 19. Rac1 Nb8 20. Nb3 Rxc1 21.
Rxc1 Qd7 22. Be1 Nc6 23. Bc3 Rc8 24. Rf1 Ne7 25. Qf4 Nf5 26. Rc1 g6 27. h4 Qb5
28. Rd1 Qa4 29. Ra1 Qa6 30. Qf3 Qb5 31. h5 gxh5 32. Rd1 h4 33. Kh2 Qa4 34. Ra1
Qd7 35. Qg4 Kh8 36. Re1 Qb5 37. Qh3 Rg8 38. Rg1 Bd8 39. Bd2 a5 40. Bf4 a4 41.
Nd2 Qxb2 42. Rg2 Qxd4 43. Qf3 Bc7 44. Re2 Qc3 45. Kh3 Nd4 46. Qe3 Nxe2 47. Qxe2
Qd4 48. Qf3 Rg6 49. Nf1 Kg8 50. Nh2 Bxe5 51. Bxe5 Qxe5 52. Ng4 Qf5 53. Qe3 Rxg5
54. Qe2 h5 55. Kh2 Qxg4 56. d4 Qxe2+ 0-1

[Event "Titled Tue 1st Jul Early"]
[Site "chess.com INT"]
[Date "2025.07.01"]
[Round "6"]
[White "Shymanskyi, Oleksandr"]
[Black "Smirnov, Mark"]
[Result "0-1"]
[WhiteTitle "FM"]
[BlackTitle "FM"]
[WhiteElo "2218"]
[BlackElo "2352"]
[WhiteFideId "14168880"]
[BlackFideId "13764594"]
[EventDate "2025.07.01"]

1. e4 e5 2. Nf3 Nc6 3. Bc4 Nf6 4. d3 Bc5 5. c3 a6 6. a4 Ba7 7. O-O d6 8. h3 h6
9. Re1 g5 10. Nbd2 g4 11. hxg4 Nxg4 12. Re2 h5 13. Nf1 Be6 14. Bg5 Qd7 15. Bxe6
Qxe6 16. d4 Ne7 17. Ng3 f6 18. Nf5 Nxf5 19. exf5 Qxf5 20. dxe5 Bxf2+ 21. Rxf2
Nxf2 22. Qe2 fxg5 23. exd6+ Ne4 24. dxc7 O-O 25. Re1 Qc5+ 26. Nd4 Nf6 27. Qe6+
Rf7 28. Rf1 Re8 29. Qb3 Kg7 30. Rf5 Re1+ 31. Kf2 Qxc7 32. Ne6+ Rxe6 33. Qxe6 Qe7
34. Rxg5+ Kf8 35. Qc8+ Ne8+ 36. Rf5 Rxf5+ 37. Qxf5+ Qf6 38. Qxf6+ Nxf6 39. Ke3
Ke7 40. Kf4 Nd5+ 41. Kg5 Ne3 42. g3 Nf1 43. Kh4 Kf6 44. Kxh5 Nxg3+ 45. Kg4 Ne4
46. Kf4 Nc5 47. a5 Ke6 48. b4 Na4 49. Ke4 Nxc3+ 50. Kd4 Nb5+ 51. Kc5 Kd7 52. Kb6
Kc8 53. Kc5 Kc7 54. Kc4 Kc6 55. Kd3 Kd5 56. Kd2 Kc4 57. Kc2 Kxb4 58. Kb2 Kxa5
59. Kb1 Kb6 60. Kc1 Kc6 61. Kd1 b6 62. Ke1 a5 63. Kf1 Nd6 64. Kg1 b5 65. Kh1 b4
66. Kh2 a4 67. Kh3 Nc4 68. Kh4 Kc5 69. Kh5 b3 70. Kh6 a3 71. Kh7 b2 72. Kh8 a2
73. Kh7 Kb4 74. Kh6 Kc3 75. Kh5 b1=Q 76. Kh4 Qg1 77. Kh3 0-1

[Event "Titled Tue 1st Jul Early"]
[Site "chess.com INT"]
[Date "2025.07.01"]
[Round "6"]
[White "Skliarov, Viktor"]
[Black "Nugumanov, Bakhtiyar"]
[Result "1-0"]
[WhiteTitle "IM"]
[BlackTitle "IM"]
[WhiteElo "2334"]
[BlackElo "2305"]
[WhiteFideId "14106736"]
[BlackFideId "13701797"]
[EventDate "2025.07.01"]

1. e4 e6 2. d4 d5 3. e5 c5 4. c3 Nc6 5. Nf3 Bd7 6. a3 Rc8 7. b4 cxd4 8. cxd4 Qb6
9. Be3 Nge7 10. Bd3 Nf5 11. Bxf5 exf5 12. O-O Be6 13. Qd3 Be7 14. Nc3 O-O 15.
Na4 Qd8 16. Nc5 b6 17. Nb3 Qd7 18. Bg5 Rc7 19. h4 Rfc8 20. Rac1 h6 21. Bxe7 Nxe7
22. Rxc7 Rxc7 23. Rc1 Rxc1+ 24. Nxc1 Qc6 25. Ne2 Qc4 26. Qe3 Nc6 27. Nf4 a5 28.
bxa5 bxa5 29. Kh2 a4 30. Nd3 Qb3 31. Nc5 Qxe3 32. fxe3 Na5 33. Nd2 Nc4 34. Nxc4
dxc4 35. Nxa4 Bd7 36. Nc3 g5 37. hxg5 hxg5 38. Kg3 f6 39. exf6 Kf7 40. e4 f4+
41. Kf3 Kxf6 42. g3 fxg3 43. Kxg3 Bc6 44. Kf3 Bd7 45. a4 Bc8 46. a5 Ba6 47. Ke3
Ke6 48. Nd5 Bb7 49. a6 Bc6 50. a7 g4 51. Nb6 c3 52. d5+ Kd6 53. dxc6 g3 54. a8=Q
c2 55. Kd2 g2 56. Qg8 Kxc6 57. Qxg2 1-0

[Event "Titled Tue 1st Jul Early"]
[Site "chess.com INT"]
[Date "2025.07.01"]
[Round "6"]
[White "Evdokimov, Alexey"]
[Black "Dogan, Umut Anil"]
[Result "1-0"]
[WhiteTitle "FM"]
[BlackTitle "CM"]
[WhiteElo "2205"]
[BlackElo "2059"]
[WhiteFideId "24162450"]
[BlackFideId "51618060"]
[EventDate "2025.07.01"]

1. Nf3 d5 2. c4 c6 3. d4 Nf6 4. Nbd2 g6 5. e3 Bg7 6. Bd3 O-O 7. O-O a5 8. b3 Na6
9. a3 Bf5 10. Bxf5 gxf5 11. Bb2 e6 12. Ne5 Nd7 13. Nxd7 Qxd7 14. Nf3 f6 15. Rc1
Nc7 16. cxd5 cxd5 17. Qd3 Rfc8 18. Rc2 Nb5 19. Rfc1 Nd6 20. Nd2 b5 21. Rc5 Rxc5
22. dxc5 Ne4 23. c6 Qd6 24. Nxe4 fxe4 25. Qxb5 Rc8 26. g3 Bf8 27. Bxf6 Qxa3 28.
Ra1 Qb4 29. Qxa5 Qxa5 30. Rxa5 Rxc6 31. Bd4 Kf7 32. Ra7+ Kg6 33. Kg2 Bd6 34. h4
e5 35. Ba1 Kf5 36. Rxh7 Rb6 37. Rh6 Bc5 38. Rxb6 Bxb6 39. Bc3 d4 40. Bd2 Kg4 41.
b4 Bc7 42. b5 Bb6 43. Kf1 Kh5 44. Ke2 Kg4 45. Bb4 Kf5 46. Bd6 Ke6 47. Bb8 Kd5
48. h5 Bc5 49. h6 Bf8 50. h7 Bg7 51. b6 Kc6 52. Bc7 d3+ 53. Kd2 Bh8 54. g4 Bg7
55. g5 Bh8 56. g6 Bg7 57. Bd8 Kb7 58. Bg5 Kxb6 59. Bh6 Bxh6 60. h8=Q Bg5 61.
Qxe5 Bd8 62. Qd4+ Kc7 63. g7 Be7 64. g8=Q Bb4+ 65. Qxb4 Kd7 66. Qf7+ Kc6 67.
Qbc4+ Kb6 68. Qfc7# 1-0

[Event "Titled Tue 1st Jul Early"]
[Site "chess.com INT"]
[Date "2025.07.01"]
[Round "6"]
[White "Paravyan, David"]
[Black "Campos Gomez, Manuel"]
[Result "1-0"]
[WhiteTitle "GM"]
[BlackTitle "IM"]
[WhiteElo "2589"]
[BlackElo "2359"]
[WhiteFideId "4194985"]
[BlackFideId "4444710"]
[EventDate "2025.07.01"]

1. d4 d5 2. Bf4 Nf6 3. e3 g6 4. Nf3 Bg7 5. h3 O-O 6. Be2 c5 7. c3 Nc6 8. O-O Nd7
9. Nbd2 b6 10. b4 c4 11. e4 e6 12. Bd6 Re8 13. e5 Bb7 14. Nh2 Ne7 15. Bxe7 Qxe7
16. a4 a5 17. b5 f5 18. f4 h6 19. Kh1 Kh7 20. Ndf3 Rg8 21. Rg1 Raf8 22. Qc2 Bh8
23. g4 fxg4 24. Rxg4 Rf5 25. Nh4 Nf8 26. Rag1 Qf7 27. Nxf5 exf5 28. R4g3 Ne6 29.
Qd2 Rg7 30. h4 Qe7 31. Nf3 h5 32. Bd1 Bc8 33. Bc2 Qf7 34. Qe3 Rg8 35. Kh2 Bd7
36. R1g2 Bc8 37. Rg5 Rg7 38. Qf2 Kg8 39. R5g3 Nxf4 40. Ng5 Nxg2 41. Nxf7 Nxh4
42. Nh6+ Kh7 43. Rh3 Kxh6 44. Rxh4 g5 45. Rh3 f4 46. Rf3 Rf7 47. Qf1 Bg4 48. Bd1
Bg7 49. Rf2 Be6 50. Bf3 g4 51. Bxg4 hxg4 52. Rxf4 Re7 53. Kg3 Kg5 54. Rf6 Kh5
55. Qf4 Bxf6 56. Qxf6 Re8 57. Qg7 1-0

[Event "Titled Tue 1st Jul Early"]
[Site "chess.com INT"]
[Date "2025.07.01"]
[Round "6"]
[White "Durarbayli, Vasif"]
[Black "Gharibyan, Mamikon"]
[Result "0-1"]
[WhiteTitle "GM"]
[BlackTitle "GM"]
[WhiteElo "2612"]
[BlackElo "2495"]
[WhiteFideId "13402935"]
[BlackFideId "13308300"]
[EventDate "2025.07.01"]

1. e4 e5 2. Nf3 Nc6 3. d4 exd4 4. Nxd4 Qf6 5. Nf3 Bb4+ 6. c3 Bc5 7. Be2 d6 8.
Qc2 Nge7 9. O-O a5 10. Nbd2 h6 11. e5 Nxe5 12. Ne4 Nxf3+ 13. Bxf3 Qg6 14. Qe2
Bb6 15. Bf4 Be6 16. Bh5 Qf5 17. Bxd6 Nd5 18. Ng3 Qf6 19. Be5 Qg5 20. c4 Ne7 21.
c5 Bxc5 22. Qb5+ Nc6 23. Qxb7 O-O 24. Bxg7 Bd5 25. Bxf8 Rxf8 26. Qxc7 Rb8 27.
Rad1 Bb6 28. Qd6 Rd8 29. Qa3 Nd4 30. Rfe1 Kg7 31. Qc3 Qf6 32. Be2 Ba8 33. Nh5+
Kg6 34. Qd3+ Qf5 35. Qxf5+ Kxf5 36. Ng3+ Kg5 37. Kf1 Rb8 38. Bd3 f5 39. Re5 Kf6
40. Rd5 Bxd5 41. b3 Be6 42. Be2 Rc8 43. Nh5+ Ke5 44. f4+ Kd6 45. Bd3 Rc3 46. Ng3
Bc5 47. Bxf5 Bd5 48. Be4 Rxg3 49. Bf5 Re3 50. Bd3 Bc6 51. Bc4 Rc3 52. Rd2 Ke7
53. Kf2 Kf6 54. Ke1 Nf5 55. Re2 Re3 56. Kd2 Rxe2+ 57. Bxe2 Bxg2 58. Kd3 Bc6 59.
Kc4 Bb4 60. Bg4 Ne3+ 61. Kd4 Nxg4 0-1

[Event "Titled Tue 1st Jul Early"]
[Site "chess.com INT"]
[Date "2025.07.01"]
[Round "6"]
[White "Mikhailova, Irina"]
[Black "Ankit Ray"]
[Result "1/2-1/2"]
[WhiteTitle "WGM"]
[BlackTitle "FM"]
[WhiteElo "2143"]
[BlackElo "2248"]
[WhiteFideId "4109040"]
[BlackFideId "25770624"]
[EventDate "2025.07.01"]

1. d4 Nf6 2. Nf3 b6 3. c4 Bb7 4. Nc3 e6 5. a3 Ne4 6. Nxe4 Bxe4 7. Nd2 Bb7 8. e4
d6 9. Bd3 Nd7 10. O-O e5 11. d5 a5 12. b3 g6 13. Bb2 Bg7 14. b4 O-O 15. Bc3 f5
16. bxa5 bxa5 17. Nb3 a4 18. Na5 Bc8 19. Nc6 Qe8 20. Bb4 Bb7 21. Bc2 Bxc6 22.
dxc6 Nb6 23. c5 dxc5 24. Bxc5 Qxc6 25. Bxf8 Rxf8 26. Qd3 Bh6 27. Rad1 Kh8 28.
Bb1 fxe4 29. Qxe4 Qxe4 30. Bxe4 Nc4 31. Rd7 Nd2 32. Re1 c5 33. Rc7 c4 34. Bd5 e4
35. Bxc4 Bf4 36. Rc6 Be5 37. Bd5 Bd4 38. Re2 e3 39. f4 Rb8 40. g3 Rb1+ 41. Kg2
Ra1 42. Ra6 Rxa3 43. Bc6 Nc4 44. Rxa4 Rc3 45. Bb5 Nd2 46. Rxd4 Nb3 47. Rd3 Rxd3
48. Bxd3 Nc1 49. Rxe3 Kg7 50. Kf3 Kf6 51. Bc4 g5 52. Rc3 Ne2 53. Kxe2 gxf4 54.
Kf3 Kf5 55. g4+ Kg5 56. Rc2 Kh4 57. Kxf4 Kh3 58. Kf5 h5 59. Bd5 h4 60. g5 1/2-1/2

[Event "Titled Tue 1st Jul Early"]
[Site "chess.com INT"]
[Date "2025.07.01"]
[Round "6"]
[White "Sydoryka, Vladyslav"]
[Black "Purygin, Andrei"]
[Result "0-1"]
[WhiteTitle "FM"]
[BlackTitle "FM"]
[WhiteElo "2246"]
[BlackElo "2335"]
[WhiteFideId "14145928"]
[BlackFideId "24111180"]
[EventDate "2025.07.01"]

1. c4 Nf6 2. g3 d5 3. cxd5 Nxd5 4. Bg2 e6 5. Nc3 Be7 6. Nf3 O-O 7. O-O b6 8. Qc2
Bb7 9. a3 c5 10. b3 Nc6 11. e3 Rc8 12. Bb2 Bf6 13. Nxd5 exd5 14. Bxf6 Qxf6 15.
Rac1 d4 16. Qb1 Rfd8 17. b4 Ne5 18. Nxe5 Bxg2 19. Kxg2 Qxe5 20. bxc5 bxc5 21.
Qb7 Rc7 22. Qf3 c4 23. Rc2 dxe3 24. dxe3 c3 25. Rfc1 g6 26. e4 Rdc8 27. Qe3 Qa5
28. a4 Rc4 29. e5 Qxa4 30. e6 Qc6+ 31. Kg1 Qxe6 32. Qxa7 Qe4 33. Qd7 Qc6 34. Qd3
Kg7 35. h4 h5 36. Kh2 Qc5 37. Qf3 Qd4 38. Kg1 R8c6 39. Qe2 Re6 40. Qf3 Rf6 41.
Qe2 Rc5 42. Rd1 Qb4 43. Rd3 Qb1+ 44. Rd1 Qb4 45. Qd3 Rcf5 46. Rf1 Qc5 47. Qe2
Rf3 48. Qd1 Rxg3+ 49. Kh2 Rgf3 50. Rg1 Qe5+ 51. Rg3 Rxf2+ 52. Rxf2 Rxf2+ 53. Kh3
Qf5+ 54. Rg4 Rf3+ 55. Kh2 hxg4 56. Qd4+ Qf6 57. Qxg4 Qf4+ 58. Qxf4 Rxf4 59. h5
Rh4+ 60. Kg3 Rxh5 61. Kf3 Rd5 62. Ke3 Rd8 63. Ke4 Kf8 0-1